| 000 -ლიდერი |
| ფიქსირებული სიგრძის საკონტროლო ველი |
02637nam a22002897a 4500 |
| 003 - საკონტროლო ნომრის იდენტიფიკატორი |
| საკონტროლო ველი |
Ge_BSU |
| 005 - ბოლო ოპერაციის თარიღი და დრო |
| საკონტროლო ველი |
20230822165657.0 |
| 008 - ფიქსირებული სიგრძის მონაცემთა ელემენტები - ზოგადი ინფორმაცია |
| ფიქსირებული სიგრძის საკონტროლო ველი |
230822s2013 ge ||||| |||| 00| 0 geo d |
| 020 ## - წიგნის საერთაშორისო სტანდარტული ნომერი |
| International Standard Book Number |
9789941931178 |
| 041 ## - ენის კოდი |
| Language code of text/sound track or separate title |
geo |
| 080 ## - უნივერსალური ათობითი კლასიფიკაციის ინდექსი |
| Universal Decimal Classification number |
930(479.22)(092 თაყაიშვილი, ე.) ე-90 |
| 245 ## - ცნობა სათაურის შესახებ |
| Title |
ექვთიმე : |
| Remainder of title |
საქართველოს მეჭურჭლეთუხუცესი = Keeper of the treasure, 150 / |
| Statement of responsibility, etc |
[სარედ. საბჭო : დ. ლორთქიფანიძე, გ. კალანდია, ბ. კუდავა და სხვ. ; ქართ. ტექსტის რედ. ნინო ნადარაია ; თარგმნ. : თამარ ჯანაშია ; ინგლ ტექსტის რედ. : ქეროლ ნევესი ; ფოტ. : მირიან კილაძე ; დიზ. : ნინო ანდრიაშვილი]. |
| 264 ## - წარმოების, გამოცემის, დისტრიბუციის და სხვა ცნობები |
| გამოცემის, წარმოების, დისტრიბუციის... ადგილი |
თბილისი : |
| გამოცემის, წარმოების, დისტრიბუციის... სახელწოდება |
"სეზანი", |
| გამოცემის, წარმოების, დისტრიბუციის... თარიღი |
2013. |
| 300 ## - ფიზიკური აღწერა |
| Extent |
219 გვ. : |
| Other physical details |
ილ.; |
| Dimensions |
31 სმ. |
| 500 ## - ზოგადი შენიშვნა |
| General note |
პროექტი განხორიელდა unesco-ს 2012-2013 წლების "მონაწილეობის პროგრამის" ფარგლებში.
|
| 501 ## - შენიშვნა თანმხლებ მასალაზე |
| With note |
ტექსტი პარალ. ინგლ. |
| 653 ## - INDEX TERM--UNCONTROLLED |
| Uncontrolled term |
თაყაიშვილი, ექვთიმე, ისტორიკოსი, 1863-1953 | |
| 653 ## - INDEX TERM--UNCONTROLLED |
| Uncontrolled term |
ქართველი ისტორიკოსები |
| 653 ## - INDEX TERM--UNCONTROLLED |
| Uncontrolled term |
ქართველი ისტორიკოსი |
| 700 ## - ADDED ENTRY--PERSONAL NAME |
| Personal name |
ქართველიშვილი, თეა |
| Relator term |
ავტორ-შემდგენელი |
| 9 (RLIN) |
19697 |
| 700 ## - ADDED ENTRY--PERSONAL NAME |
| Personal name |
მიქელაძე, მერაბ |
| Relator term |
ავტორ-შემდგენელი |
| 9 (RLIN) |
19698 |
| 700 ## - ADDED ENTRY--PERSONAL NAME |
| Personal name |
სანადირაძე, ნინო |
| Relator term |
ავტორ-შემდგენელი |
| 9 (RLIN) |
19699 |
| 700 ## - ADDED ENTRY--PERSONAL NAME |
| Personal name |
კალანდია, გიორგი |
| Relator term |
ავტორ-შემდგენელი |
| 9 (RLIN) |
19700 |
| 700 ## - ADDED ENTRY--PERSONAL NAME |
| Personal name |
ლორთქიფანიძე, დ. |
| Relator term |
რედაქტორი |
| 9 (RLIN) |
19701 |
| 710 ## - ADDED ENTRY--CORPORATE NAME |
| Corporate name or jurisdiction name as entry element |
საქართველოს კულტურისა და ძეგლთა დაცვის სამინისტრო |
| Subordinate unit |
საქართველოს ეროვნული მუზეუმი | კორნელი კეკელიძის სახელობის საქართველოს ხელნაწერთა ეროვნული ცენტრი |
| 9 (RLIN) |
19702 |
| 942 ## - ADDED ENTRY ELEMENTS (KOHA) |
| Source of classification or shelving scheme |
|
| Koha item type |
წიგნი |